00708 2200241 4500001002100000005001700021008004100038020001800079035002400097040001200121082001000133090001500143245010300158250001100261260004200272300002500314500003100339650002900370700002000399700002000419850001200439990001500451YOGYA-0209000001419120090227022408.0 ind  a979-511-386-0 0010-020900000014191 aYOPDYOG a306.4 a306.4bPen aPENGANTAR sosiologibbuku panduan mahasiswacKarel J. Veeger ... [et al.] ; editor, Y. Priyo Utomo aCet. 2 aJakartabGramedia Pustaka Utamac1993 aviii, 150 hlmc19 cm aBibliografi : hlm. 149-150 aSosiologi - Buku panduan aVeeger, Karel J aUtomo, Y. Priyo aYOPDYOG a96P0083895